Predictors of cognitive distortions in managerial decision-making: PCD18 methodology
Rozhodovanie je jednou z najdôležitejších manažérskych aktivít. Účinnosť rozhodovania manažérov je podmienená niekoľkými subjektívnymi a objektívnymi faktormi. Charakterizácia základných psychometrických parametrov tejto metodológie.
Salvato in:
| Autore principale: | |
|---|---|
| Altri autori: | |
| Natura: | Capitolo di libro |
| Lingua: | inglese |
| Soggetti: | |
| Tags: |
Nessun Tag, puoi essere il primo ad aggiungerne!!
|
MARC
| LEADER | 00000nla a2200000 4500 | ||
|---|---|---|---|
| 001 | 0231255 | ||
| 005 | 20240417075121.2 | ||
| 041 | 0 | |a eng | |
| 044 | |a UA | ||
| 245 | 1 | 0 | |a Predictors of cognitive distortions in managerial decision-making: PCD18 methodology |c Miroslav Frankovský, Zuzana Birknerová |
| 520 | |a Rozhodovanie je jednou z najdôležitejších manažérskych aktivít. Účinnosť rozhodovania manažérov je podmienená niekoľkými subjektívnymi a objektívnymi faktormi. Charakterizácia základných psychometrických parametrov tejto metodológie. | ||
| 610 | 2 | 0 | |a manažéri |
| 610 | 2 | 0 | |a rozhodovanie manažérske |
| 610 | 2 | 0 | |a metódy riadenia |
| 610 | 2 | 0 | |a štýl vedenia |
| 610 | 2 | 0 | |a psychológia riadenia |
| 610 | 2 | 0 | |a zručnosti |
| 610 | 2 | 0 | |a vedomosti |
| 100 | 1 | |a Frankovský, Miroslav | |
| 700 | 1 | |a Birknerová, Zuzana | |